Po stopách zapomenutých panských sídel ve Vokově u Chebu
| Titel: | Po stopách zapomenutých panských sídel ve Vokově u Chebu |
|---|---|
| Verfasser: | |
| In: |
Muzeum Cheb: Sborník Chébskeho Muzea, (1996), Seite 10-17 alle Artikel anzeigen |
| Veröffentlicht: | 1996 |
| Format: | Aufsatz |
| Sprache: | Tschechisch |
X
alg: 39300427 001A $01999:11-11-16 001B $01999:28-04-21 $t19:30:34.000 001C $06050:19-11-16 $t22:36:46.000 001D $01999:11-11-16 001U $0utf8 001X $00 002@ $0Aox 003@ $0393004279 007A $0393004279 $aHEB 007T $0Herdp04547 010@ $acze 011@ $a1996 021A $aPo stopách zapomenutých panských sídel ve Vokově u Chebu 028A $7133924920 $8Úlovec, Jiří$Z1957- [Tp1] $9194970418 031A $h10-17 $j1996 039B $aIn $8--Abvc--Muzeum Cheb [Tb1]. Sborník Chébskeho Muzea. - Cheb : Muzeum, 1993-2006. - ISSN 1211-9210 $x199600000000000990 $9070513341 045F $a307.094371 $eDDC23BSB 045F/01 $a307.09 045F/03 $g4371 045T $a9,10 $a7,41 lok: 39300427 78 exp: 39300427 78 1 #EPN 201B/01 $026-11-17 $t01:25:29.000 201U/01 $0utf8 203@/01 $0789114585 208@/01 $a11-11-16 $be 209A/01 $a/ $f000 $x00 244Z/01 $#Tschechien $#Tschechische Republik $#Tschechische Republik $#Tschechenland $#Tschechei Tschechien $#Česká Republika $#Czech Republic $#ČR $74303381-7 $8--Tg1--Tschechien $x01 $9086659812 244Z/01 $2Trx $#Böhmen $#Bohemia $#Czechy $8--Trx--Čechy $x02 $9391188941 244Z/01 $2Trx $#Wogau Eger $8--Trx--Vokov$gCheb $x03 $939115835X 244Z/01 $aGeschichte 1216-1727 $x04 244Z/01 $2Trx $#kindlus $#tvirtovės $#Fortresses $#erödítmények $#twierdze $#pevnosti $#pevnosti $#opevňovacie zariadenie $#tvrze $8--Trx--Festungen $x05 $9391369016 244Z/01 $2Trx $#asundusajalugu $#kolonizacija $#history of settlements $#településtörténet $#osadnictwo $#dejiny osídlenia $#dějiny osídlení $#osídlenie $#osídlení $8--Trx--Siedlungsgeschichte $x06 $9391357131 244Z/01 $2Trx $8--Trx--Zeitschriftenaufsatz $x07 $9391384341 245Z/01 $a13.03 $x01 245Z/01 $a09.02 $x02 247C/01 $82080>Marburg/Lahn, Herder-Institut, Forschungsbibliothek, Bibliographieportal $9336309341
| LEADER | 00000caa a22000002c 4500 | ||
|---|---|---|---|
| 001 | 393004279 | ||
| 003 | DE-603 | ||
| 005 | 20210428193034.0 | ||
| 007 | tu | ||
| 008 | 161111s1996 xx |||| | u00||u|cze c | ||
| 035 | |a (DE-599)HEB393004279 | ||
| 040 | |a DE-603 |b ger |c DE-603 |d DE-603 | ||
| 041 | |a cze | ||
| 082 | 0 | 4 | |8 1\u |a 307.094371 |q DE-101 |2 23/BSB |
| 084 | |a 9,10 |a 7,41 |2 ssgn | ||
| 085 | |8 1\u |b 307.09 | ||
| 085 | |8 1\u |z 2 |s 4371 | ||
| 100 | 1 | |a Úlovec, Jiří |d 1957- |0 (DE-603)194970418 |0 (DE-588)133924920 |2 gnd | |
| 245 | 0 | 0 | |a Po stopách zapomenutých panských sídel ve Vokově u Chebu |
| 264 | 0 | |c 1996 | |
| 773 | 0 | 8 | |i In |a Muzeum Cheb |t Sborník Chébskeho Muzea |d Cheb : Muzeum, 1993-2006 |x 1211-9210 |g (1996), Seite 10-17 |w (DE-603)070513341 |w (DE-600)1353473-7 |
| 924 | 0 | |9 2080 |a (DE-603)789114585 |b DE-2080 |c HES |d d |g / | |


